00789nam a22002177a 4500003000500000005001700005008004100022010001000063011001000073035001100083040000900094100002500103245012100128260003600249300003900285502012500324650002800449650002800477650003800505650002800543CHAP20220817044333.0100414s2008 mx a r 00010 spa d a98116 a99088 a109773 cCHAP1 aFlores Najera, Ludim10aRendimiento de fruto fresco de ocra, en respuesta a las fertilizaciones edáfica y foliarc/por Ludim Flores Najera aCocula, Gro. :bEl autor,c2008 a126 h. :bilus., cuadros, gráfs. aTesis (Ing. Agr. Fitotecnista) -- Colegio Superior Agropecuario del Estado de Guerrero, Centro de Estudios Profesionales14aAbelmoschus esculentus.14aFertilización foliar.14aFertilizantesxEfecto en plantas.14aLegumbresxRendimiento.